00592nam a2200181 a 450000100060000000300090000600800410001504000280005608200160008410000290010024500290012926000450015830000080020365000190021194200120023099900170024295201510025914135CO-ViMGA141112s2004 ck r 000 u spa d aCO-ViMGAbspacCO-ViMGA04aCh 863 H8531 aHuneeus, Cristian92065710aEl rincon de los niños aSantiago de Chile : bNascimento, c1980 a21014aNOVELA CHILENA 2ddccBK c24834d24834 00102ddc40708003aMEVIECARbMEVIECARd2015-12-04hVolumen. 1 | 11/jun/2009l0oCh 863 H853 p14135r2019-10-10 00:00:00tEj. 1w2015-12-04yBK